Ason, Luming at Teresing / (Record no. 103434)
[ view plain ]
| 000 -LEADER | |
|---|---|
| fixed length control field | 00517nam a2200181 a 4500 |
| 005 - DATE AND TIME OF LATEST TRANSACTION | |
| control field | 20140412111302.0 |
| 008 - FIXED-LENGTH DATA ELEMENTS--GENERAL INFORMATION | |
| fixed length control field | 001109s19uu xx 00 eng d |
| 020 ## - INTERNATIONAL STANDARD BOOK NUMBER | |
| International Standard Book Number | 971-529-019-1 |
| 050 ## - LIBRARY OF CONGRESS CALL NUMBER | |
| Classification number | Fil E |
| Item number | As1 1999 |
| 100 ## - MAIN ENTRY--PERSONAL NAME | |
| Personal name | Gatchalian, Elmer L. |
| 245 ## - TITLE STATEMENT | |
| Title | Ason, Luming at Teresing / |
| Statement of responsibility, etc | kuwento ni Elmer L. Gatchalian; guhit ni Mizi Aguilar - Reyes. |
| 260 ## - PUBLICATION, DISTRIBUTION, ETC. (IMPRINT) | |
| Place of publication, distribution, etc | Manila : |
| Name of publisher, distributor, etc | UNICEF, |
| Date of publication, distribution, etc | 1999. |
| 300 ## - PHYSICAL DESCRIPTION | |
| Extent | [27] p. ; ill. |
| 650 ## - SUBJECT ADDED ENTRY--TOPICAL TERM | |
| Topical term or geographic name as entry element | Short stories |
| 650 ## - SUBJECT ADDED ENTRY--TOPICAL TERM | |
| Topical term or geographic name as entry element | Folktales |
| Withdrawn status | Lost status | Damaged status | Use restrictions | Home library | Current library | Shelving location | Date acquired | Source of acquisition | Total Checkouts | Full call number | Barcode | Date last seen | Price effective from | Koha item type |
|---|---|---|---|---|---|---|---|---|---|---|---|---|---|---|
| Elizalde Library | Elizalde Library | Filipiniana Section | 11/09/2000 | Fil E As1 1999 | E4815 | 04/12/2014 | 04/12/2014 | Books | ||||||
| Elizalde Library | Elizalde Library | Filipiniana Section | 11/09/2000 | Fil E As1 1999 | E7962 | 04/12/2014 | 04/12/2014 | Books |